British Military Aircraft Quiz - WWII - Statistics

General Stats
  • This quiz has been taken 10 times
  • The average score is 36 of 98
Answer Stats
Picture Hint Answer % Correct
Avro Lancaster B Mk.I
100%
Bristol Blenheim Mk.I
90%
Vought Corsair Mk.II
90%
Hawker Hurricane Mk.IIC
90%
de Havilland Mosquito B Mk.IV
90%
Supermarine Spitfire HF Mk.VII
90%
Consolidated Catalina Mk.IIIA
80%
Handley Page Halifax B Mk.III
80%
Consolidated Liberator B Mk.II
80%
Short Sunderland Mk.V
80%
Republic Thunderbolt Mk.I
80%
Vickers Wellington Mk.III
80%
Grumman Wildcat (Martlet) Mk.VI
80%
Bell Airacobra Mk.I
70%
Avro Anson Mk.I
70%
Brewster Buffalo Mk.I
70%
Boeing Fortress Mk.I
70%
Grumman Hellcat F Mk.I
70%
Westland Lysander Mk.II
70%
North American Mustang Mk.III
70%
Short Stirling Mk.I
70%
Fairey Swordfish Mk.I
70%
Hawker Tempest Mk.V
70%
Hawker Typhoon Mk.IA
70%
Grumman Avenger (Tarpon) Mk.II
60%
Fairey Battle Mk.I
60%
Bristol Beaufighter Mk.IF
60%
Douglas Dakota Mk.III
60%
Boulton Paul Defiant Mk.I
60%
Fairey Firefly FR Mk.I
60%
Gloster Gladiator Mk.II
60%
Handley Page Hampden Mk.I
60%
Martin Marauder Mk.I
60%
Supermarine Walrus Mk.I (Seagull Mk.V)
60%
Westland Whirlwind Mk.I
60%
Armstrong Whitworth Whitley Mk.V
60%
Bristol Beaufort Mk.I
50%
Airspeed Horsa Mk.I
50%
Lockheed Hudson Mk.I
50%
Avro Lincoln Mk.I
50%
Avro Manchester Mk.IA
50%
de Havilland Tiger Moth Mk.I
50%
Curtiss Tomahawk Mk.IIA
50%
Fairey Barracuda Mk.II
40%
North American Mitchell Mk.II
40%
Blackburn Roc Mk.I
40%
Blackburn Skua Mk.II
40%
Fairey Albacore Mk.I
30%
Douglas Boston Mk.II
30%
Fairey Fulmar Mk.I
30%
Grumman Goose Mk.IA
30%
Hawker Hart Mk.I
30%
Hawker Hind Mk.I
30%
Vought Kingfisher Mk.I
30%
Airspeed Oxford Mk.II
30%
Vultee Vengeance Mk.IA
30%
Martin Baltimore Mk.V
20%
de Havilland Dominie Mk.I
20%
Gloster Gauntlet Mk.II
20%
North American Harvard Mk.I
20%
Miles Magister Mk.I
20%
Douglas Skymaster Mk.I
20%
Avro York C Mk.I
20%
Armstrong Whitworth Albemarle ST Mk.I
10%
Blackburn Botha Mk.I
10%
Vought Chesapeake Mk.I
10%
General Aircraft Hamilcar Mk.I
10%
Sikorsky Hoverfly Mk.I
10%
Martin Maryland Mk.I
10%
Curtiss Mohawk Mk.IV
10%
Percival Proctor Mk.III
10%
Blackburn Shark Mk.II
10%
Lockheed Ventura GR Mk.I
10%
Vickers Vildebeest Mk.III
10%
Vickers Wellesley Mk.I
10%
Taylorcraft Auster Mk.III
0%
Bristol Bombay Mk.I
0%
Bristol Buckingham B Mk.I
0%
Beechcraft Expeditor Mk.II
0%
Waco Hadrian Mk.I
0%
Handley Page Harrow Mk.II
0%
Hawker Hector Mk.I
0%
Hawker Henley Mk.III
0%
General Aircraft Hotspur Mk.II
0%
Saunders-Roe Lerwick Mk.I
0%
Saunders-Roe London Mk.II
0%
Miles Martinet TT Mk.I
0%
Miles Master Mk.IA
0%
Stinson Reliant Mk.I
0%
Avro Rota Mk.I
0%
Fairey Seafox Mk.I
0%
Supermarine Sea Otter ASR Mk.I
0%
Supermarine Stranraer Mk.I
0%
Vickers Valentia Mk.I
0%
Vultee Vigilant Mk.I
0%
Vickers Vincent Mk.I
0%
Vickers Warwick ASR Mk.I
0%
Grumman Widgeon (Gosling) Mk.I
0%
No matching quizzes found
Score Distribution
Percent of People with Each Score
Percentile by Number Answered
Your Score History
You have not taken this quiz